Biblioteca

Paradoja y misterio de la iglesia (Registro nro. 64307)

Detalles MARC
000 -LÍDER
Campo fijo de descripción fija 01294nam a2200373 i 4500
001 - NÚMERO DE CONTROL
Campo de control 768714001
003 - IDENTIFICADOR DEL NÚMERO DE CONTROL
Campo de control CO-MdFUSB
005 - FECHA Y HORA DE LA ULTIMA TRANSACCIÓN
control field 20180615093628.0
008 - ELEMENTOS DE LONGITUD FIJA -- INFORMACIÓN GENERAL
Campo fijo de descripción fija -- Información general 140910s2014 sp | |||| 000 0 spa
017 ## - COPYRIGHT OR LEGAL DEPOSIT NUMBER
Copyright or legal deposit number S 76-2014
Assigning agency Oficina Depósito Legal Salamanca
020 ## - NÚMERO INTERNACIONAL NORMALIZADO PARA LIBROS
Número Internacional Normalizado del libro 9788430114740
040 ## - FUENTE DE CATALOGACIÓN
Agencia de catalogación original SpMaBN
Idioma de catalogación spa
Agencia que realiza la transcripción CO-MdFUSB
Convenciones de la descripción rdc
Agencia que realiza la modificación CO-MdFUSBC
041 1# - CÓDIGO DE IDIOMA
Código de idioma para texto/pista de sonido o título separado spa
Código de idioma original fre
080 ## - UNIVERSAL DECIMAL CLASSIFICATION NUMBER
Universal Decimal Classification number 272(091)
082 ## - NÚMERO DE CLASIFICACIÓN DECIMAL DEWEY
Número de la edición del Dewey 22
Número de clasificación 282
Clave de autor-Numero de item L926p
100 1# - ASIENTO PRINCIPAL--NOMBRE PERSONAL
Nombre personal Lubac, Henri de
Fechas asociadas con el nombre 1896-1991
Término relacionador autor
240 10 - TITULO UNIFORME
Título uniforme <a href="Paradoxe et mystère de l'Église.">Paradoxe et mystère de l'Église.</a>
245 00 - TÍTULO
Título del Material Paradoja y misterio de la iglesia
Mención de responsabilidad, etc. / Henri de Lubac ; [tradujo Alfonso Ortiz García]
264 #1 - PRODUCCIÓN, PUBLICACIÓN, DISTRIBUCIÓN, MANUFACTURA, Y COPYRIGHT
Lugar de producción, publicación, distribución, manufactura Salamanca
Nombre del productor, publicador, distribuidor Sígueme
Fecha de producción, publicación, distribución, manufactura, o copyright [2014]
264 #4 - PRODUCCIÓN, PUBLICACIÓN, DISTRIBUCIÓN, MANUFACTURA, Y COPYRIGHT
Fecha de producción, publicación, distribución, manufactura, o copyright ©2014
300 ## - DESCRIPCIÓN FÍSICA
Extensión 156 páginas
Dimensiones 19 cm
336 ## - TIPO DE CONTENIDO
Término de tipo de contenido texto
Fuente rdacontent
337 ## - TIPO DE MEDIO
Nombre del tipo de medio sin mediación
Fuente rdamedia
Código del tipo de medio n
338 ## - TIPO DE SOPORTE
Fuente rdacarrier
Nombre del tipo de soporte volumen
Código Tipo de soporte nc
490 0# - MENCIÓN DE SERIE
Mención de serie Verdad e imagen. Minor
504 ## - NOTA DE BIBLIOGRAFÍA, ETC.
Nota de bibliografía, etc Incluye referencias bibliográficas e índices
505 ## - NOTA DE CONTENIDO
Nota de contenido con formato preestablecido Prólogo -- Paradoja y misterio de la iglesia -- ¿Cómo la Iglesia es un misterio? -- La constitución Lumen Gentium - Las religiones según los padres.
563 ## - NOTA DE ENCUADERNACIÓN
Nota de encuadernación Rústico.
650 #7 - ASIENTO SECUNDARIO DE MATERIA - TERMINO TEMÁTICO
Término temático o nombre geográfico como elemento de entrada Iglesia
Subdivisión general Historia de las doctrinas
Fuente del encabezamiento o término embne
942 ## - TIPO DE MATERIAL (KOHA)
Tipo de Item KOHA Libros General
956 ## - LOCAL ELECTRONIC LOCATION AND ACCESS (OCLC)
Host name 2
Existencias
Estado de Material Estado de Perdido Forma de Clasificación Estado de Dañado No para Préstamo Colección Biblioteca de Origen Biblioteca Permanente Fecha de Adquisición Forma de Adquisición Costo-Precio Total de Préstamos Signatura Topográfica Código de Barras Última vez visto Última vez Préstado Ejemplar/Existencia Fecha de Remplazo Tipo de Material
    Dewey Decimal Classification     Colección General Biblioteca FUSBC Biblioteca FUSBC 15/06/2018 Compra 53700.00 1 G 282 L926p 6320 20/03/2024 21/07/2021 Ej. 1 15/06/2018 Libros General

Biblioteca FUSBC | Teléfono: (57+4) 349 88 10 Ext. 141| WhatsApp (+57) 3005338115 
E-mail: biblioteca@unisbc.edu.co | Calle 76 87-14 Robledo Palenque, Medellín, Colombia

Con tecnología Koha